| 000 | 00684cam a22002411 4500 | ||
|---|---|---|---|
| 001 | g 01001629 | ||
| 003 | DLC | ||
| 005 | 20260227111255.0 | ||
| 008 | 940531s1890 gw 000 0 ger | ||
| 010 | _ag 01001629 | ||
| 035 | _a(OCoLC)30523779 | ||
| 040 |
_aDLC _cCU _dCU _dDLC |
||
| 042 | _apremarc | ||
| 050 | 0 | 0 |
_aHD915 _b.N7 |
| 100 | 1 |
_aNitobe, Inazō, _d1862-1933. |
|
| 245 | 0 | 0 | _aÜber den japanischen grundbesitz, dessen verteilung und landwirtschaftliche verwertung ... |
| 260 |
_aHalle a.d.S., _c1890. |
||
| 300 |
_aviii, 91, [1] p. _c23 cm. |
||
| 502 | _aInaug.-diss.--Halle. | ||
| 500 | _aVita. | ||
| 650 | 0 |
_aAgriculture _zJapan. |
|
| 650 | 0 |
_aLand tenure _zJapan. |
|
| 999 |
_c23795 _d23795 |
||